| 000 | 01118cam a2200253Ia 4500 | ||
|---|---|---|---|
| 001 | silvermiracles00pres | ||
| 003 | CaSfIA | ||
| 005 | 20210119082329.0 | ||
| 007 | cr|||| | ||
| 008 | 840228s1983 nyu 000 1 eng d | ||
| 040 |
_aRCL _cRCL _dOCLCQ _dBAKER _dCaSfIA |
||
| 020 |
_a0553216015 (pbk) : _c$1.95 |
||
| 020 | _a9780553216011 (pbk) | ||
| 035 | _a(OCoLC)10467651 | ||
| 100 | 1 | _aPreston, Fayrene. | |
| 245 | 1 | 0 |
_aSilver miracles / _h[electronic resource] _cFayrene Preston. |
| 260 |
_aNew York : _bBantam, _c1983. |
||
| 300 |
_a182 p. ; _c18 cm. |
||
| 856 | 4 | 1 |
_uhttp://www.archive.org/details/silvermiracles00pres _zFree eBook from the Internet Archive |
| 856 | 4 | 2 |
_uhttp://www.openlibrary.org/books/OL7820561M _zAdditional information and access via Open Library |
| 942 | _cEB | ||
| 506 | _fНеобхідна авторизація на https://archive.org/ (створення облікового запису безкоштовно) | ||
| 506 | _fНеобхідна авторизація на https://openlibrary.org/ (створення облікового запису безкоштовно) | ||
| 999 |
_c549007 _d549007 |
||